| 000 | 00759nam a2200277Ia 4500 | ||
|---|---|---|---|
| 003 | OSt | ||
| 005 | 20220918223759.0 | ||
| 006 | a|||||r|||| 00| 0 | ||
| 007 | ta | ||
| 008 | 220917b |||||||| |||| 00| 0 eng d | ||
| 024 | _a225,062 | ||
| 037 | _cTextual | ||
| 040 |
_aARTS _cARTS _beng |
||
| 041 |
_2eng _aeng |
||
| 082 | _aR2, N9;1 | ||
| 100 |
_aGreco John Ed. _9146622 |
||
| 245 | 0 | _aThe blackwell guide to epistemology | |
| 260 |
_aMalden _bBlackwell Publishing U.S.A. _c1999 |
||
| 300 |
_aix, 464p. _ccm. |
||
| 490 | _aBlackwell philosophy guides | ||
| 500 | _aRep. of 2004 | ||
| 650 | _aPHILOSOPHY | ||
| 700 | _a Sosa Ernest Ed. | ||
| 942 |
_hR2, N9;1 _cTEXL _2CC |
||
| 999 |
_c279441 _d279441 |
||